| 000 | 00532cam a2200193 4500 | ||
|---|---|---|---|
| 001 | D3703 | ||
| 008 | 090401t1981 xxu||||| |||| 00| 0 eng d | ||
| 035 | _a(Sirsi) u74518 | ||
| 041 | _aeng | ||
| 050 | _a692.8 | ||
| 100 | _aFellows, R.F. | ||
| 245 | _a1980 JCT Standard Form of Building Contract: a commentary for students and practitioners | ||
| 260 |
_aLondon _bMacMillan Press _c1981 |
||
| 300 | _ax. 165p. 23cm | ||
| 350 | _a3.95 | ||
| 490 | _aMacMillan Building and Surveying Series | ||
| 942 | _n0 | ||
| 948 | _c04/03/1997 | ||
| 999 |
_c95871 _d95871 |
||